It's a Mac Mac Mac Mac World Quiz Stats

 Plays Quiz Updated Nov 5, 2013

Support Sporcle.
Go Orange.
Score 0/20 Timer 03:00
0 Plays Today
% Correct
Barack Obama
95.4%
Tina Fey
87.4%
Mike Myers
85.9%
Hugh Laurie
83.6%
Jerry Seinfeld
82.6%
Mariah Carey
80.5%
Steve Martin
80.1%
Sarah Jessica Parker
79.7%
Taylor Swift
79.2%
Stephen Colbert
78.9%
% Correct
Eddie Murphy
76%
Ben Stiller
75.9%
Meryl Streep
75.3%
Kristen Stewart
72.5%
Jamie Foxx
65.4%
Michael C. Hall
41.3%
Lady Gaga
41%
Beyoncé Knowles
34.7%
Rooney Mara
33.5%
Sarah Michelle Gellar
32.4%

From the Vault

Finish the Company Name II

by strokes_static

It's hard to achieve brand recognition with an incomplete company name.
Remove Ads.
Support Sporcle.
Get the best of Sporcle when you Go Orange. This ad-free experience offers more features, more stats, and more fun while also helping to support Sporcle. Thank you for becoming a member.

Show Comments

Extras

Top Quizzes Today


Score Distribution

Your Account Isn't Verified!

In order to create a playlist on Sporcle, you need to verify the email address you used during registration. Go to your Sporcle Settings to finish the process.

Report this User

Report this user for behavior that violates our Community Guidelines.

Details: